| 000 | 00434nam a22001577a 4500 | ||
|---|---|---|---|
| 003 | macl | ||
| 005 | 20240518133414.0 | ||
| 008 | 240518b |||||||| |||| 00| 0 eng d | ||
| 040 | _cmacl | ||
| 082 | _a510 | ||
| 100 |
_aGagan Pratap Sir _982381 |
||
| 245 | _aरेलवे गणित | ||
| 260 |
_aदिल्ली _bआर बी डी प्रकाशन _c2024 |
||
| 650 | _aगणित | ||
| 942 |
_2ddc _cC. BOOKS |
||
| 999 |
_c66867 _d66867 |
||